000
00338cam a2200145ua 4500
005
20230726111701.0
008
191229n II |||gr||||Z||||||eng
020
_a
9788183162265
040
_a
MAIN
_c
082
_a
375.001 ARU
100
_a
BARNARD SHOW
245
_a
PYGMANTATION
653
_a
CURRICULAM DEVELOPMENT
942
_c
BK
_2
ddc
999
_c
22302
_d
22302